[Event "Reykjavik Open"]
[Site "Reykjavik ISL"]
[Date "2012.03.07"]
[Round "2.51"]
[White "Perez, Flavio"]
[Black "Knudsen, Jes West"]
[Result "1-0"]
[WhiteElo "2269"]
[BlackElo "1913"]
[WhiteFideId "623911"]
[BlackFideId "1405985"]
[EventDate "2012.03.06"]

1. e4 d5 2. exd5 Nf6 3. d4 Nxd5 4. c4 Nb6 5. Nc3 e5 6. d5 c6 7. Qb3 Be7 8. Be3
cxd5 9. cxd5 O-O 10. Nf3 N8d7 11. Be2 Nc5 12. Bxc5 Bxc5 13. O-O Re8 14. a4 e4
15. Nd2 Bf5 16. a5 Nd7 17. Nc4 Bg6 18. Kh1 Ne5 19. Nxe5 Rxe5 20. Qxb7 Bh5 21. f4
Re7 22. Qb5 Bxe2 23. Qxe2 f5 24. Rfd1 Bd6 25. g3 Rb8 26. Rd2 Reb7 27. Ra4 Qd7
28. Rc4 Bb4 29. Rc6 Bxa5 30. Qc4 Bd8 31. Na4 Rb4 32. Nc5 Qf7 33. Qe2 R8b6 34.
Na6 Ra4 35. Nc5 Ra5 36. Kg2 h6 37. Ne6 Be7 38. Rc7 Qe8 39. Qc4 Rb4 40. Qc3 Qb5
41. Qxg7# 1-0

[Event "Reykjavik Open"]
[Site "Reykjavik ISL"]
[Date "2012.03.07"]
[Round "2.53"]
[White "Gundersen, Ingvar"]
[Black "Andersson, Christin"]
[Result "0-1"]
[BlackTitle "WIM"]
[WhiteElo "1814"]
[BlackElo "2102"]
[WhiteFideId "1709585"]
[BlackFideId "1702947"]
[EventDate "2012.03.06"]

1. e4 e5 2. Nf3 d6 3. d4 exd4 4. Nxd4 Nf6 5. Nc3 Be7 6. Be2 O-O 7. O-O c6 8. Kh1
Nbd7 9. Bf4 Nc5 10. Bf3 d5 11. exd5 Nxd5 12. Nxd5 cxd5 13. b4 Ne4 14. c4 Bxb4
15. cxd5 f5 0-1

[Event "Reykjavik Open"]
[Site "Reykjavik ISL"]
[Date "2012.03.07"]
[Round "2.55"]
[White "Hansen, Erle Andrea Marki"]
[Black "Lee, Kai Jie Edward"]
[Result "1/2-1/2"]
[WhiteElo "1793"]
[BlackElo "2093"]
[WhiteFideId "1508229"]
[BlackFideId "5802920"]
[EventDate "2012.03.06"]

1. Nf3 Nf6 2. d4 d5 3. g3 c6 4. Bg2 e6 5. O-O Nbd7 6. Nbd2 Bd6 7. c4 O-O 8. Qc2
Qc7 9. b3 b6 10. Bb2 Bb7 11. Rac1 Rac8 12. Qb1 Qb8 13. Qa1 c5 14. Rfd1 cxd4 15.
Nxd4 Bc5 16. cxd5 exd5 17. N2f3 Ne4 18. e3 Ndf6 19. Nf5 Rce8 20. N3h4 Qd8 21.
Bxe4 Rxe4 22. Bxf6 gxf6 23. Rd3 Rfe8 24. Rcd1 d4 25. Nxd4 Qd5 26. Ndf3 Qc6 27.
Rd5 Bd6 28. Rf5 Be7 29. Nd4 Qc8 30. Nhf3 Rg4 31. Rd2 Be4 32. Rh5 Bb4 33. Rd1 Rg7
34. Rc1 Qd7 35. Rh4 Qd5 36. Kg2 Bc5 37. Rf4 Bd6 38. Rh4 Be5 39. Rxe4 Qxe4 40.
Rc4 b5 41. Rc5 Rg5 42. Rxb5 Rd8 43. Rb4 Rf5 44. Nxf5 Qxb4 45. Qb1 Qb7 46. Nh6+
Kg7 47. Ng4 Qd5 48. Qf5 Bc3 49. Qf4 Qc6 50. Nh6 Qd5 51. Nf5+ Kh8 52. Qg4 Rg8 53.
Qh3 Qe6 54. Qh5 Rg6 55. N5h4 Rg8 56. Nf5 Rg6 57. N5h4 Rg8 58. Nf5 1/2-1/2

[Event "Reykjavik Open"]
[Site "Reykjavik ISL"]
[Date "2012.03.07"]
[Round "2.56"]
[White "Bjarnason, Saevar"]
[Black "De Winter, Eric"]
[Result "1-0"]
[WhiteTitle "IM"]
[WhiteElo "2092"]
[BlackElo "1852"]
[WhiteFideId "2300176"]
[BlackFideId "1033069"]
[EventDate "2012.03.06"]

1. d4 Nf6 2. c4 g6 3. Nc3 d5 4. Nf3 Bg7 5. Qb3 c6 6. Bg5 e6 7. e3 Qa5 8. Bd3
Nbd7 9. O-O O-O 10. a3 Qb6 11. Qc2 dxc4 12. Bxc4 Re8 13. Na4 Qd8 14. Ba2 Qe7 15.
Nc3 Qf8 16. e4 e5 17. Rad1 exd4 18. Rxd4 Ng4 19. Rdd1 Nde5 20. Nxe5 Nxe5 21.
Rfe1 Be6 22. Bb1 h6 23. Bf4 Red8 24. Qc1 Kh7 25. h3 Rxd1 26. Rxd1 Rd8 27. Be3
Rxd1+ 28. Nxd1 b6 29. f4 Nc4 30. Bf2 f5 31. exf5 gxf5 32. g4 b5 33. Qc2 Bf6 34.
Ne3 Nxe3 35. Bxe3 Bd5 36. Qxf5+ 1-0

[Event "Reykjavik Open"]
[Site "Reykjavik ISL"]
[Date "2012.03.07"]
[Round "2.57"]
[White "Sigurdarson, Emil"]
[Black "Myrstad, Odd Magnus"]
[Result "0-1"]
[WhiteElo "1769"]
[BlackElo "2091"]
[WhiteFideId "2304163"]
[BlackFideId "1504851"]
[EventDate "2012.03.06"]

1. e4 e5 2. Nf3 Nf6 3. d4 Nxe4 4. dxe5 d5 5. exd6 Bxd6 6. Bd3 Bf5 7. O-O O-O 8.
Be3 Bg6 9. Nbd2 f5 10. Bd4 Nc6 11. Bc4+ Kh8 12. Nb3 Bh5 13. c3 Nxd4 14. Nbxd4
Qf6 15. Be2 Rad8 16. Qc2 c5 17. Nb3 Qh6 18. h3 Rf6 19. Rad1 Bxf3 20. Bxf3 Qf4
21. Rfe1 Rdf8 22. Bxe4 fxe4 23. g3 Qg5 24. Re2 Bxg3 25. fxg3 Qxg3+ 26. Rg2 Qe3+
27. Kh2 Rf3 28. Kh1 Rxh3+ 29. Rh2 Qf3+ 0-1

[Event "Reykjavik Open"]
[Site "Reykjavik ISL"]
[Date "2012.03.07"]
[Round "2.58"]
[White "Thorsteinsdottir, Gudlaug"]
[Black "Finnbogadottir, Tinna Kristin"]
[Result "1-0"]
[WhiteTitle "WFM"]
[WhiteElo "2085"]
[BlackElo "1810"]
[WhiteFideId "2300753"]
[BlackFideId "2300214"]
[EventDate "2012.03.06"]

1. d4 d5 2. Bf4 Nf6 3. e3 Bf5 4. c4 e6 5. Nc3 c6 6. Nf3 Bd6 7. Ne5 dxc4 8. Bxc4
Bxe5 9. Bxe5 Nbd7 10. Bg3 O-O 11. O-O Nb6 12. Bb3 Qd7 13. Qe2 Nbd5 14. f3 Bg6
15. Rfd1 Rfe8 16. Rac1 Rac8 17. h3 Qe7 18. Na4 Nd7 19. e4 N5b6 20. Nc5 Nf8 21.
Qd2 Kh8 22. a4 Rcd8 23. Qf4 Rc8 24. Qd6 Qg5 25. h4 Qh6 26. Qf4 Qh5 27. Qg5 Qxg5
28. hxg5 Nbd7 29. Nxb7 Rb8 30. Bxb8 Rxb8 31. Na5 e5 32. Rxc6 exd4 33. Rxd4 f5
34. gxf6 gxf6 35. Rc7 Ne5 36. Rd2 Bh5 37. Kf2 a6 38. Rb7 Rc8 39. Ra7 Be8 40.
Rxa6 Kg7 41. Nb7 Rb8 42. Bd5 Bf7 43. Bxf7 Kxf7 44. Nd6+ Kg6 45. a5 Nfd7 46. Ra7
Nc5 47. Nf5 Nf7 48. Rc7 Ne6 49. Rc6 Neg5 50. Rb6 Ra8 51. a6 Ne5 52. Rdd6 Kh5 53.
Rxf6 Nxe4+ 54. fxe4 Ng4+ 55. Kf3 Nxf6 56. Rxf6 Kg5 57. Rc6 Rb8 58. a7 Ra8 59.
Ra6 h5 60. g3 1-0

[Event "Reykjavik Open"]
[Site "Reykjavik ISL"]
[Date "2012.03.07"]
[Round "2.59"]
[White "Ontiveros, John"]
[Black "Ragnarsson, Johann"]
[Result "0-1"]
[WhiteElo "1763"]
[BlackElo "2082"]
[WhiteFideId "2303981"]
[BlackFideId "2301040"]
[EventDate "2012.03.06"]

1. d4 d5 2. c4 e6 3. Nf3 c6 4. e3 Bd6 5. Nc3 Nd7 6. Bd3 f5 7. Bd2 Ngf6 8. Ng5
Qe7 9. cxd5 cxd5 10. Nb5 Bb8 11. Rc1 Nb6 12. Ba5 O-O 13. a3 Re8 14. O-O Bxh2+
15. Kh1 Ng4 16. Nh3 Bb8 17. Qc2 Bd7 18. Bb4 Qh4 19. Nd6 Bxd6 20. Bxd6 Rac8 21.
Qe2 Bc6 22. Kg1 g5 23. Bg3 Qh6 24. f4 gxf4 25. Rxf4 Bd7 26. Rcf1 Nc4 27. Bxc4
Rxc4 28. Rxg4+ fxg4 29. Qxg4+ Qg7 30. Qh4 Rc2 31. Nf2 Rf8 32. Be5 Qg6 33. Ng4
Rxf1+ 34. Kxf1 Rc1+ 35. Kf2 Rc2+ 36. Kg1 h5 37. Nf6+ Kf7 38. Qh3 Bb5 39. Nxh5
Bd3 40. Nf4 Rc1+ 41. Kh2 Qh7 42. Nxd3 Qxd3 43. Qh4 Qf5 44. Bd6 Kg6 45. Bb4 Qh5
46. Qxh5+ Kxh5 47. Kg3 Rf1 48. Kh3 Kg5 49. Be7+ Kf5 50. g4+ Ke4 51. Kg2 Rf7 52.
Bd6 Kxe3 53. Be5 Rf2+ 54. Kg3 Rxb2 55. g5 Rc2 56. g6 Rc8 57. Kg4 b5 58. Kg5 a5
59. Bd6 Kxd4 60. Kf6 Rc2 61. g7 Rg2 62. Be5+ Kc4 63. Bf4 Rxg7 64. Kxg7 b4 65.
axb4 axb4 66. Kf6 b3 67. Bc1 Kc3 68. Kxe6 d4 69. Ke5 d3 0-1

[Event "Reykjavik Open"]
[Site "Reykjavik ISL"]
[Date "2012.03.07"]
[Round "2.60"]
[White "Doell, Detlef"]
[Black "Forsa, Elise"]
[Result "0-1"]
[WhiteElo "2067"]
[BlackElo "1789"]
[WhiteFideId "4659449"]
[BlackFideId "1500163"]
[EventDate "2012.03.06"]

1. e4 c5 2. Nf3 e6 3. Qe2 Qc7 4. g3 a6 5. Bg2 d6 6. d3 b5 7. Bf4 Bb7 8. O-O Nf6
9. Re1 Be7 10. Nbd2 O-O 11. Nf1 Nc6 12. c3 Rad8 13. h3 Rfe8 14. g4 Nd7 15. Rac1
Qb6 16. Be3 Nde5 17. N3d2 d5 18. f4 dxe4 19. fxe5 Nxe5 20. dxe4 Nd3 21. Rc2 Nxe1
22. Qxe1 Qa5 23. a3 Qc7 24. Qf2 Rd3 25. Bf3 Red8 26. Be2 R3d7 27. Qf4 Bd6 28.
Qf2 Be7 29. Bf4 Qc8 30. Kh2 Qa8 31. e5 Be4 32. Rc1 Qb7 33. Nxe4 Qxe4 34. Qf3 Qa4
35. Ng3 Qb3 36. Ne4 Qxb2 37. Rf1 Qxa3 38. Nd6 Bxd6 39. exd6 Qb2 40. Kg3 Qa2 41.
Bd3 Qd5 42. Be4 Qc4 43. Bc6 Ra7 44. d7 f6 45. Bd6 Kf7 46. g5 Raxd7 47. Qh5+ Kg8
48. Bxd7 Qxf1 49. Bxe6+ Kh8 50. Qf7 Qd3+ 51. Kg4 f5+ 0-1

[Event "Reykjavik Open"]
[Site "Reykjavik ISL"]
[Date "2012.03.07"]
[Round "2.61"]
[White "Fridthjofsdottir, Sigurl. Regina"]
[Black "Jonsson, Pall Leo"]
[Result "0-1"]
[WhiteElo "1731"]
[BlackElo "2057"]
[WhiteFideId "2300788"]
[BlackFideId "2302365"]
[EventDate "2012.03.06"]

1. e4 e6 2. d3 d5 3. Nd2 dxe4 4. dxe4 Bc5 5. Ngf3 Nf6 6. Bd3 Nc6 7. O-O e5 8. h3
O-O 9. Nc4 Re8 10. Bg5 h6 11. Bh4 b5 12. Ncd2 a6 13. Nb3 Ba7 14. c3 g5 15. Bg3
Nh5 16. Bh2 Ng7 17. Qc2 Qf6 18. Nbd2 h5 19. Be2 g4 20. hxg4 hxg4 21. Ne1 Qg5 22.
g3 Re6 23. Kg2 Rh6 24. Rh1 Qh5 25. Kg1 f5 26. Nf1 f4 27. Rd1 Be6 28. b4 Rf8 29.
Nd3 f3 30. Bxf3 gxf3 31. Nc5 Bc4 32. Ne3 Ne6 33. Rd2 Nxc5 34. bxc5 Bxc5 35. Qd1
Bxe3 36. fxe3 f2+ 0-1

[Event "Reykjavik Open"]
[Site "Reykjavik ISL"]
[Date "2012.03.07"]
[Round "2.63"]
[White "Leite, Steinar"]
[Black "Edvardsen, Ragnar"]
[Result "0-1"]
[WhiteElo "1707"]
[BlackElo "2045"]
[WhiteFideId "1510428"]
[BlackFideId "1502719"]
[EventDate "2012.03.06"]

1. e4 c5 2. Nf3 Nc6 3. Bb5 d6 4. Bxc6+ bxc6 5. e5 g6 6. O-O Bg7 7. Re1 Bg4 8.
exd6 Qxd6 9. h3 Bxf3 10. Qxf3 e6 11. d3 Ne7 12. Nd2 Qd5 13. Qe2 Rd8 14. Nc4 Nf5
15. Be3 O-O 16. Rac1 h5 17. Bf4 Nd4 18. Qd2 Nf5 19. Re4 Rd7 20. Rce1 Rb8 21. Be5
Rbd8 22. Bxg7 Kxg7 23. Re5 Qxc4 24. Qa5 Qd4 25. R1e4 Qd6 26. Qc3 Kh7 27. Rxc5
Nd4 28. b3 Qf4 0-1

[Event "Reykjavik Open"]
[Site "Reykjavik ISL"]
[Date "2012.03.07"]
[Round "2.67"]
[White "Miettinen, Teemu"]
[Black "Kristinardottir, Elsa Maria"]
[Result "1-0"]
[WhiteElo "2012"]
[BlackElo "1734"]
[WhiteFideId "501050"]
[BlackFideId "2300370"]
[EventDate "2012.03.06"]

1. e4 c6 2. d4 d5 3. e5 c5 4. c4 cxd4 5. Nf3 Nc6 6. Nxd4 dxc4 7. Nxc6 Qxd1+ 8.
Kxd1 bxc6 9. Bxc4 e6 10. Be3 Ne7 11. f4 Nd5 12. Bxd5 cxd5 13. Nd2 Bd7 14. Rc1
Bb4 15. Bc5 Bxc5 16. Rxc5 Rc8 17. Rxc8+ Bxc8 18. Nb3 Bd7 19. Kd2 Ke7 20. Rc1 Rc8
21. Rxc8 Bxc8 22. Nc5 f6 23. Ke3 Bd7 24. a4 Kd8 25. b4 Kc7 26. Kd4 Bc8 27. g4
fxe5+ 28. Kxe5 Kc6 29. Nb3 Bd7 30. Nd4+ Kc7 31. a5 a6 32. h4 h5 33. gxh5 Bc8 34.
Nf3 Kc6 35. Nd4+ Kc7 36. h6 gxh6 37. Kf6 Kd6 38. Nf3 Kc6 39. Nd4+ Kd6 40. Nb3
Kc6 41. Nd4+ Kd6 42. Nf3 Kc6 43. Ne5+ Kb5 44. Kg6 Kxb4 45. Kxh6 d4 46. Kg7 Bb7
47. Kf6 Be4 48. Kxe6 d3 49. Ng4 Bf3 50. Nf2 d2 51. f5 Bg4 52. Ke5 d1=Q 53. Nxd1
Bxd1 54. f6 Bb3 55. h5 Kxa5 56. h6 Bg8 57. Kd6 Kb4 58. Ke7 a5 59. Kf8 Bc4 60. h7
a4 61. h8=Q a3 62. f7 1-0

[Event "Reykjavik Open"]
[Site "Reykjavik ISL"]
[Date "2012.03.07"]
[Round "2.68"]
[White "Lensebakken, Jonar"]
[Black "Shepherd, Michael"]
[Result "0-1"]
[WhiteElo "1643"]
[BlackElo "2011"]
[WhiteFideId "1515462"]
[BlackFideId "2401444"]
[EventDate "2012.03.06"]

1. d4 e6 2. Nf3 Nf6 3. Bg5 d5 4. e3 Be7 5. Bd3 O-O 6. O-O Nbd7 7. Nbd2 h6 8. Bh4
b6 9. e4 dxe4 10. Nxe4 Bb7 11. Nxf6+ Nxf6 12. c3 c5 13. Re1 cxd4 14. Nxd4 Qd5
15. f3 Qh5 16. Bg3 Rfd8 17. Re5 g5 18. Bf2 Bc5 19. g4 Qh3 20. Bf1 Bxd4 21. cxd4
Qxf3 22. Qxf3 Bxf3 23. h3 Rac8 24. Bd3 Bb7 25. Kh2 Nd5 26. Kg3 Nf4 27. Be4 Bxe4
28. Rxe4 Rc2 29. b3 Rd2 30. Be3 Rg2+ 31. Kf3 Rh2 32. Bxf4 gxf4 33. Kxf4 Rxh3 34.
Rg1 Rd5 35. Rg3 Rxg3 36. Kxg3 Kg7 37. a4 Kg6 38. Kf4 h5 39. gxh5+ Rxh5 40. Re3
Rd5 41. Rg3+ Kf6 42. Ke4 Rh5 43. Kd3 Ke7 44. Re3 Kd6 45. Re4 Kd5 46. Re3 f6 47.
Re4 Rh3+ 48. Re3 Rxe3+ 49. Kxe3 f5 0-1

[Event "Reykjavik Open"]
[Site "Reykjavik ISL"]
[Date "2012.03.07"]
[Round "2.69"]
[White "Murray, Mike"]
[Black "Sigurdsson, Birkir Karl"]
[Result "1/2-1/2"]
[WhiteElo "2007"]
[BlackElo "1716"]
[WhiteFideId "2609126"]
[BlackFideId "2304180"]
[EventDate "2012.03.06"]

1. Nc3 c5 2. e4 d6 3. f4 Nf6 4. Nf3 g6 5. Be2 Bg7 6. O-O O-O 7. d3 Nc6 8. Qe1
Bg4 9. Qh4 Bxf3 10. Bxf3 Nd4 11. Bd1 b5 12. Ne2 Nc6 13. Ng3 e6 14. c3 Nd7 1/2-1/2

[Event "Reykjavik Open"]
[Site "Reykjavik ISL"]
[Date "2012.03.07"]
[Round "2.70"]
[White "Hauksdottir, Hrund"]
[Black "Rodriguez Fonseca, Jorge"]
[Result "0-1"]
[WhiteElo "1627"]
[BlackElo "2003"]
[WhiteFideId "2302608"]
[BlackFideId "2224658"]
[EventDate "2012.03.06"]

1. e4 c5 2. Nf3 Nc6 3. d4 cxd4 4. Nxd4 e5 5. Nb5 d6 6. N1c3 a6 7. Na3 Be7 8. Be2
f5 9. exf5 Bxf5 10. Nd5 Nf6 11. O-O O-O 12. Nc4 Nd4 13. Nxe7+ Qxe7 14. Bd3 Be6
15. c3 Nc6 16. Bg5 d5 17. Ne3 d4 18. cxd4 exd4 19. Nc4 Qc5 20. Bxf6 Rxf6 21. Rc1
Qg5 22. Nd6 Rh6 23. Qf3 Bd5 24. Qg3 Qxg3 25. hxg3 Rxd6 26. b3 Nb4 27. Bb1 Nc6
28. Rfe1 Bf7 29. Rcd1 Re8 30. Rxe8+ Bxe8 31. Kf1 Re6 32. Bd3 Re5 33. Be2 Bg6 34.
a3 Kf8 35. b4 Bc2 36. Rd2 Ba4 37. Bf3 Bb5+ 38. Kg1 d3 39. Bd1 Re1+ 40. Kh2 Re2 0-1

[Event "Reykjavik Open"]
[Site "Reykjavik ISL"]
[Date "2012.03.07"]
[Round "2.72"]
[White "Wasenius, Thomas"]
[Black "Palsson, Halldor"]
[Result "0-1"]
[WhiteElo "1612"]
[BlackElo "2000"]
[WhiteFideId "1509551"]
[BlackFideId "2301202"]
[EventDate "2012.03.06"]

1. e4 c5 2. Nc3 Nc6 3. g3 e6 4. Bg2 g6 5. f4 Bg7 6. Nge2 Nge7 7. O-O d6 8. d3
O-O 9. Be3 Nd4 10. Qd2 f5 11. Nd1 Rb8 12. c3 Nxe2+ 13. Qxe2 b5 14. d4 cxd4 15.
Bxd4 Bxd4+ 16. cxd4 Qb6 17. Qf2 fxe4 18. Bxe4 d5 19. Bd3 Nc6 20. Nc3 Nxd4 21.
Rae1 Nf3+ 22. Kg2 Qxf2+ 0-1

[Event "Reykjavik Open"]
[Site "Reykjavik ISL"]
[Date "2012.03.07"]
[Round "2.73"]
[White "Kristinsson, Ogmundur"]
[Black "Leosson, Atli Johann"]
[Result "1-0"]
[WhiteElo "1997"]
[BlackElo "1682"]
[WhiteFideId "2304724"]
[BlackFideId "2308533"]
[EventDate "2012.03.06"]

1. c4 c5 2. g3 g6 3. Bg2 Bg7 4. Nc3 Nc6 5. Nf3 Nf6 6. O-O O-O 7. d4 cxd4 8. Nxd4
Nxd4 9. Qxd4 d6 10. Qd2 Rb8 11. b3 Be6 12. Bb2 Qd7 13. Rfd1 Rfd8 14. Rac1 Bh3
15. Bf3 a6 16. Nd5 Nxd5 17. Bxg7 Bg4 18. Bd4 Nc7 19. Ba7 Ra8 20. Bb6 Bxf3 21.
exf3 Rdc8 22. c5 Ne6 23. cxd6 Rxc1 24. Qxc1 exd6 25. f4 Rc8 26. Qd2 Rc6 27. Be3
Ng7 28. Bd4 Qf5 29. Ba1 Ne6 30. Qb2 f6 31. Qxf6 Qxf6 32. Bxf6 Kf7 33. Bb2 Nc7
34. Rd2 Ke6 35. g4 Rc5 36. Kg2 Nd5 37. Kf3 Nb4 38. a3 Nc6 39. b4 Rd5 40. Rxd5
Kxd5 41. f5 gxf5 42. gxf5 Nd8 43. Kf4 Nf7 44. h4 b5 45. Bg7 h5 46. Bf8 Kd4 47.
f6 d5 48. Kf5 Kc3 49. Ke6 Nd8+ 50. Kxd5 Kb3 51. Be7 Nf7 52. Ke6 1-0

[Event "Reykjavik Open"]
[Site "Reykjavik ISL"]
[Date "2012.03.07"]
[Round "2.74"]
[White "Johansen, Stian"]
[Black "Edakina, Maria"]
[Result "1-0"]
[WhiteElo "1961"]
[BlackElo "1657"]
[WhiteFideId "1508121"]
[BlackFideId "4156153"]
[EventDate "2012.03.06"]

1. e4 e5 2. f4 d6 3. Bc4 Nf6 4. d3 Be7 5. Nf3 Nc6 6. O-O O-O 7. c3 exf4 8. Bxf4
Bg4 9. Nbd2 Ne5 10. Bxe5 dxe5 11. Qb3 Bc5+ 12. Kh1 Qe7 13. d4 Bd6 14. Rae1 c6
15. a4 a6 16. dxe5 Bxe5 17. Nxe5 Qxe5 18. h3 Rad8 19. Qc2 Be6 20. Nf3 Qc5 21.
Bxe6 fxe6 22. Qb3 Qe7 23. Nd4 Rfe8 24. Nf5 Qc5 25. Nh6+ gxh6 26. Rxf6 Kg7 27.
Ref1 b5 28. c4 b4 29. Qg3+ Qg5 30. Qc7+ Kg8 31. Qf7+ Kh8 32. Rxe6 Rf8 33. Qxf8+
Rxf8 34. Rxf8+ Kg7 35. Rf2 Qc1+ 36. Kh2 Qxc4 37. Re7+ Kg6 38. e5 b3 39. Rf6+ Kh5
40. Rg7 Qe2 41. e6 Qxb2 42. Rf5+ 1-0

[Event "Reykjavik Open"]
[Site "Reykjavik ISL"]
[Date "2012.03.07"]
[Round "2.75"]
[White "Magnusdottir, Veronika Steinunn"]
[Black "Roberts, Lynda"]
[Result "0-1"]
[WhiteElo "1580"]
[BlackElo "1960"]
[WhiteFideId "2309114"]
[BlackFideId "1800191"]
[EventDate "2012.03.06"]

1. e4 c5 2. Nf3 g6 3. d4 cxd4 4. Nxd4 Nc6 5. Nc3 Bg7 6. Be3 Nf6 7. f3 O-O 8. Bc4
Qb6 9. Bb3 Ng4 10. fxg4 Bxd4 11. Bxd4 Qxd4 12. Qxd4 Nxd4 13. Ba4 Nc6 14. O-O-O
d6 15. h3 Be6 16. Nd5 Bxd5 17. exd5 Ne5 18. Kb1 Rfc8 19. Rhe1 Rc5 20. Bb3 Rac8
21. Rd2 Kf8 22. c3 b5 23. Re4 a5 24. g5 b4 25. c4 Nxc4 26. Bxc4 Rxc4 27. Rxc4
Rxc4 28. b3 Rc5 29. Kb2 e6 30. dxe6 fxe6 31. Rxd6 Ke7 32. Ra6 Rxg5 33. g4 h5 34.
gxh5 Rxh5 35. Kc2 Rd5 36. Kb2 Kf6 37. a3 Kf5 38. axb4 axb4 39. Rb6 Rd4 40. Rb5+
e5 41. Kc2 g5 0-1

[Event "Reykjavik Open"]
[Site "Reykjavik ISL"]
[Date "2012.03.07"]
[Round "2.76"]
[White "Thorsteinsdottir, Hallgerdur"]
[Black "Brynjarsson, Eirikur Orn"]
[Result "1-0"]
[WhiteElo "1959"]
[BlackElo "1638"]
[WhiteFideId "2302454"]
[BlackFideId "2301580"]
[EventDate "2012.03.06"]

1. e4 e5 2. Nf3 Nc6 3. Bc4 Bc5 4. c3 Nf6 5. d3 h6 6. O-O d6 7. Bb3 Bg4 8. Nbd2
O-O 9. Re1 Re8 10. Nf1 Qd7 11. h3 Bxf3 12. Qxf3 Kh7 13. Ng3 Rad8 14. Nf5 Ng8 15.
Qg3 f6 16. h4 h5 17. Qf3 g6 18. Ng3 Qg4 19. Qxg4 hxg4 20. Bd1 Nge7 21. Bxg4 Rf8
22. Be3 f5 23. Bxc5 dxc5 24. Be2 f4 25. Nf1 Kh6 26. Nh2 g5 27. hxg5+ Kxg5 28. g3
Ng6 29. Kg2 Rh8 30. Rh1 Kf6 31. Nf3 Rhg8 32. Rh6 Ne7 33. Rah1 Kf7 34. d4 Kf8 35.
Bc4 Rg7 36. Ng5 Rd6 37. Ne6+ Rxe6 38. Bxe6 cxd4 39. cxd4 exd4 40. Bf5 fxg3 41.
fxg3 Nf4+ 42. Kf3 Nd3 43. b3 Ne5+ 44. Kg2 Ng4 45. Rh8+ Kf7 46. Bxg4 Rxg4 47. Kf3
Rg5 48. R1h5 Rg6 49. R5h7+ 1-0

[Event "Reykjavik Open"]
[Site "Reykjavik ISL"]
[Date "2012.03.07"]
[Round "2.77"]
[White "Vignisson, Ingvar Egill"]
[Black "Calder, Dennis"]
[Result "1-0"]
[WhiteElo "1558"]
[BlackElo "1948"]
[WhiteFideId "2309270"]
[BlackFideId "4697359"]
[EventDate "2012.03.06"]

1. d4 d5 2. c4 c6 3. Nc3 Nf6 4. cxd5 cxd5 5. e3 Nc6 6. Bd3 a6 7. a4 Bg4 8. f3
Bh5 9. Nge2 Bg6 10. Nf4 Bxd3 11. Nxd3 e6 12. O-O Bd6 13. Qe1 Nb4 14. Nxb4 Bxb4
15. Bd2 O-O 16. Nxd5 exd5 17. Bxb4 Re8 18. a5 Re6 19. Ra3 b5 20. Rc3 Rc8 21. Qd2
Rxc3 22. Qxc3 Qe8 23. Re1 Rc6 24. Bc5 Re6 25. b4 g5 26. Kf2 h5 27. Rc1 Rc6 28.
Qd2 Re6 29. e4 dxe4 30. Qxg5+ Kh7 31. Qf5+ Kg8 32. d5 e3+ 33. Ke2 Qd8 34. Rd1
Re8 35. d6 Re6 36. Qg5+ Kh7 37. d7 Rc6 38. Kxe3 Ng4+ 39. Kf4 Rf6+ 40. Kg3 h4+
41. Qxh4+ Nh6 42. Qxf6 Qxf6 43. d8=Q Nf5+ 44. Kf2 Qh6 45. Qd3 1-0

[Event "Reykjavik Open"]
[Site "Reykjavik ISL"]
[Date "2012.03.07"]
[Round "2.78"]
[White "Saemundsson, Bjarni"]
[Black "Einarsson, Oskar Long"]
[Result "1-0"]
[WhiteElo "1947"]
[BlackElo "1618"]
[WhiteFideId "2302900"]
[BlackFideId "2309220"]
[EventDate "2012.03.06"]

1. e4 c5 2. Nc3 Nc6 3. f4 e6 4. Nf3 Nge7 5. g3 g6 6. e5 a6 7. Ne4 Nf5 8. Nf6+
Ke7 9. Ne4 b6 10. g4 Nfd4 11. c3 Nb5 12. Bxb5 axb5 13. d4 cxd4 14. f5 f6 15.
exf6+ Kf7 16. Nfg5+ Kg8 17. f7+ Kg7 18. f6+ 1-0

[Event "Reykjavik Open"]
[Site "Reykjavik ISL"]
[Date "2012.03.07"]
[Round "2.79"]
[White "Petersson, Baldur Teodor"]
[Black "Sigurjonsson, Siguringi"]
[Result "0-1"]
[WhiteElo "1524"]
[BlackElo "1944"]
[WhiteFideId "2309157"]
[BlackFideId "2300397"]
[EventDate "2012.03.06"]

1. e4 d6 2. Nf3 Nf6 3. Nc3 c6 4. d4 Bg4 5. Be2 Nbd7 6. Be3 e5 7. Qd2 Be7 8. h3
Bh5 9. Nh4 Bxe2 10. Qxe2 g6 11. Nf3 Qa5 12. Bd2 Qb6 13. Na4 Qc7 14. Nc3 Nh5 15.
O-O O-O 16. Bh6 Rfe8 17. Qd2 Bf6 18. Kh1 exd4 19. Ne2 c5 20. g4 Ng7 21. Ng3 Ne6
22. h4 Ne5 23. Nxe5 dxe5 24. h5 Nf4 25. Ne2 Nxe2 26. Qxe2 g5 27. Qd2 Qe7 28. Rg1
Rac8 29. Rg3 Kh8 30. Rf3 Rg8 31. Rf5 b5 32. Qa5 Rc6 33. Qxb5 Rb6 34. Qc4 Rxb2
35. a4 Rb4 36. Qd5 Rd8 37. Qa2 c4 38. Rb1 Rdb8 39. Rxb4 Rxb4 0-1

[Event "Reykjavik Open"]
[Site "Reykjavik ISL"]
[Date "2012.03.07"]
[Round "2.80"]
[White "Johannsson, Orn Leo"]
[Black "Heimisson, Hilmir Freyr"]
[Result "1/2-1/2"]
[WhiteElo "1939"]
[BlackElo "1602"]
[WhiteFideId "2303051"]
[BlackFideId "2309998"]
[EventDate "2012.03.06"]

1. d4 d5 2. Nf3 Nf6 3. Bf4 Nbd7 4. e3 e6 5. Nbd2 Be7 6. Bd3 O-O 7. h3 a6 8. a4
c5 9. c3 b6 10. O-O Bb7 11. Re1 Re8 12. Ne5 Rc8 13. Qe2 c4 14. Bc2 h6 15. e4
Nxe5 16. dxe5 Nd7 17. exd5 Bxd5 18. Rad1 Bc5 19. Qg4 Kh8 20. Qh5 Nf8 21. Bxh6 g6
22. Qg4 Nh7 23. Ne4 Qe7 24. Bg5 Nxg5 25. Nxg5 Kg7 26. Be4 Bxe4 27. Nxe4 Rh8 28.
Nf6 Rc7 29. Rd2 Rd8 30. Red1 Rxd2 31. Rxd2 Qf8 32. h4 Be7 33. Qg5 b5 34. axb5
axb5 35. h5 Ra7 36. g3 Ra1+ 37. Kg2 Qa8+ 38. f3 Ra7 39. Qf4 Qh8 40. g4 Rb7 41.
Kg3 Ra7 42. hxg6 Qh1 43. Qe3 Ra1 44. Rh2 Qg1+ 45. Qxg1 Rxg1+ 46. Kf4 Bxf6 47.
exf6+ Kxg6 48. Rh5 Kxf6 49. Rxb5 Rc1 50. Rc5 Rc2 51. Rxc4 Rxb2 52. Rc7 Rb3 53.
c4 Rb4 54. Ke4 Rb1 55. c5 Rb4+ 56. Ke3 Rb3+ 57. Kf2 e5 58. Rc6+ Ke7 59. g5 Rc3
60. Ke2 Rc2+ 61. Ke3 Kd7 62. Rf6 Rxc5 63. Rxf7+ Ke6 64. Rf6+ Ke7 65. Ke4 Rb5 66.
Ra6 Kf7 67. g6+ Kg7 68. Kf5 Rb3 69. Ra7+ Kg8 70. Ke6 Rb5 71. Rf7 Rb6+ 72. Kf5
Rb5 73. Re7 Rb3 74. Ke4 Rb6 75. g7 Rf6 76. Rxe5 Kxg7 77. Rg5+ Kh6 78. Rg4 Ra6
79. f4 Ra5 80. Rg8 Rb5 81. Kf3 Ra5 82. Kg4 Rb5 83. Rd8 Ra5 84. Rd6+ Kg7 85. f5 1/2-1/2